000 00665nam a2200205 i 4500
001 84062
003 ES-MaACL
005 20250415063058.0
007 t|
008 041119s1979 sp ||||1| spa d
100 0 _aIzard i Llorens, Miquel,
_d1934-2024
_965682
245 1 3 _aEl miedo a la revolución
_b: la lucha por la libertad en Venezuela (1777-1830) /
_cMiguel Izard ; prólogo de Sergio Bagu.
260 _aMadrid :
_bTecnos,
_c[1979]
300 _a205 p. ;
_c24 cm.
490 1 _aSerie de historia
700 1 _aBagu, Sergio.
_924643
830 0 _aSerie de historia
_9183817
852 _aES-MaACL
_jA-9950
_bR.99100
999 _c84062
_d84062